El gran incendio. El palo borracho : leyendas wichís o matacas /
El mundo no se ha hecho de una vez y para siempre, como dicen los wichís del Chaco, sino que se creó y se destruyó en varias ocasiones. Una vez fue por una carcajada, relata "El gran incendio", la primera y divertida historia de este libro. En la segunda -"El palo borracho"-, con...
Guardado en:
| Autor Principal: | |
|---|---|
| Otros Autores: | , |
| Formato: | Libro |
| Idioma: | Undetermined |
| Publicado: |
Buenos Aires :
Arte Gráfico,
2005.
|
| Edición: | 1a ed. |
| Series: | Cuentos y leyendas de mi país - Genios ;
8 |
| Materias: | |
| Etiquetas: |
Agregar Etiqueta
Sin Etiquetas, Sea el primero en etiquetar este registro!
|
| LEADER | 01365nam a22002775a 4500 | ||
|---|---|---|---|
| 001 | CEM.cems021313 | ||
| 008 | 240730s2005####ag############000#0#und#d | ||
| 005 | 20240730151449.0 | ||
| 245 | 1 | 0 | |a El gran incendio. El palo borracho : |b leyendas wichís o matacas / |c Selección y adaptación de Miguel Ángel Palermo ; ilustrado por Aldo Chiappe y Alberto Pez. |
| 250 | |a 1a ed. | ||
| 260 | |a Buenos Aires : |b Arte Gráfico, |c 2005. | ||
| 300 | |a 50 p. | ||
| 490 | 1 | |a Cuentos y leyendas de mi país - Genios ; |v 8 | |
| 520 | |a El mundo no se ha hecho de una vez y para siempre, como dicen los wichís del Chaco, sino que se creó y se destruyó en varias ocasiones. Una vez fue por una carcajada, relata "El gran incendio", la primera y divertida historia de este libro. En la segunda -"El palo borracho"-, conocemos a Tokuaj, el embrollón, y nos enteramos desde cuándo corren los ríos, por qué tienen peces y a qué se debe que muchos de ellos hagan largos viajes agua arriba. | ||
| 020 | |a 9507825339 | ||
| 100 | 1 | |a Palermo, Miguel Ángel. | |
| 700 | 1 | |a Chiappe, Aldo; il. | |
| 700 | 1 | |a Pez, Alberto; il. | |
| 653 | |a Mitos | ||
| 653 | |a Leyendas | ||
| 653 | |a Mitos argentinos | ||
| 653 | |a Leyendas argentinas | ||
| 653 | |a Pueblos originarios | ||
| 653 | |a Wichís | ||
| 653 | |a Matacos | ||
| 859 | |a CEMS |b BIB. CEMS - Inicial y Primaria |h 398.2 |i P174-16 |k IP |p 6878 |t Ej.1 | ||
